
Library Catalogue

| 000 -LEADER | |
|---|---|
| fixed length control field | 01542nam a2200217Ia 4500 |
| 003 - CONTROL NUMBER IDENTIFIER | |
| control field | OSt |
| 005 - DATE AND TIME OF LATEST TRANSACTION | |
| control field | 20201226150337.0 |
| 008 - FIXED-LENGTH DATA ELEMENTS--GENERAL INFORMATION | |
| fixed length control field | 160316s2010 xxu||||| |||| 00| 0 eng d |
| 020 ## - INTERNATIONAL STANDARD BOOK NUMBER | |
| International Standard Book Number | 9781138279629 |
| 040 ## - CATALOGING SOURCE | |
| Transcribing agency | NLS |
| 082 ## - DEWEY DECIMAL CLASSIFICATION NUMBER | |
| Classification number | 344.041 |
| Item number | MUL |
| 100 ## - MAIN ENTRY--PERSONAL NAME | |
| Personal name | Mulheron Rachael |
| 245 ## - TITLE STATEMENT | |
| Title | Medical negligence : NOn-patient and third party claims |
| 260 ## - PUBLICATION, DISTRIBUTION, ETC. | |
| Place of publication, distribution, etc. | Aldershot |
| Name of publisher, distributor, etc. | Asghate Publishing |
| Date of publication, distribution, etc. | 2010 |
| 300 ## - PHYSICAL DESCRIPTION | |
| Extent | 419p |
| Dimensions | xlix |
| 365 ## - TRADE PRICE | |
| Price amount | Rs. 5,565 |
| 505 ## - FORMATTED CONTENTS NOTE | |
| Formatted contents note | Table of Contents:<br/>Contents: <br/>Preface; <br/>Part I: Setting the Context;<br/>The book: an overview; <br/>Establishing negligence in novel non-patient scenarios;<br/>Part II: Actual or Potential Negligence Liability for Physical Injuries to Non-Patients;<br/>Injuries to non-patients caused by physically-impaired or mentally-ill patients; <br/>Contraction or inheritance of disease by non-patients from patients; 'Bad Samaritan' liability; <br/>failing to assist non-patients;<br/>'Good Samaritan' liability: intervening to assist non-patients; <br/>Part III: Actual or Potential Negligence Liability for Non-Physical Injuries to Non-Patients: Pure economic loss claims by 3rd parties associated with the patient; <br/>Pure psychiatric injury claims by 3rd parties associated with the patient; <br/>'Fear-of-the-future' claims by non-patients; <br/>Wrongfully-accused 3rd parties in neglect or abuse cases; <br/>Appendix; <br/>Bibliography; <br/>Index.<br/>Author(s);<br/>Biography;<br/>Reviews.<br/><br/> |
| 650 ## - SUBJECT ADDED ENTRY--TOPICAL TERM | |
| Topical term or geographic name entry element | 1. Medical Personnel - Malpractice - U K 2. Third Parties - Laws - U K |
| 700 ## - ADDED ENTRY--PERSONAL NAME | |
| Personal name | |
| -- | |
| 942 ## - ADDED ENTRY ELEMENTS (KOHA) | |
| Source of classification or shelving scheme | Dewey Decimal Classification |
| Koha item type | BOOKs |
| Withdrawn status | Lost status | Damaged status | Not for loan | Home library | Current library | Shelving location | Date acquired | Cost, normal purchase price | Total Checkouts | Full call number | Barcode | Date last seen | Price effective from | Koha item type |
|---|---|---|---|---|---|---|---|---|---|---|---|---|---|---|
| . | . | Library Compactors | 30.05.2017 | 5565.00 | 344.041 MUL | 26307 | 30.05.2017 | 30.05.2017 | BOOKs |